The economics of money, banking, and financial markets / (Record no. 6819)
[ view plain ]
| 000 -LEADER | |
|---|---|
| fixed length control field | 00960nam a22003015a 4500 |
| 008 - FIXED-LENGTH DATA ELEMENTS--GENERAL INFORMATION | |
| fixed length control field | 150817b1995 xxua|| frb||| 001 0 eng d |
| 010 ## - LIBRARY OF CONGRESS CONTROL NUMBER | |
| LC control number | 94020223 |
| 020 ## - INTERNATIONAL STANDARD BOOK NUMBER | |
| International Standard Book Number | 0673523780 (student ed.) |
| 020 ## - INTERNATIONAL STANDARD BOOK NUMBER | |
| International Standard Book Number | 9780673523785 |
| 040 ## - CATALOGING SOURCE | |
| Original cataloging agency | EG-ScBUE |
| Language of cataloging | eng |
| Transcribing agency | EG-ScBUE |
| 082 04 - DEWEY DECIMAL CLASSIFICATION NUMBER | |
| Classification number | 332 |
| Item number | MIS |
| Edition number | 22 |
| 100 1# - MAIN ENTRY--PERSONAL NAME | |
| Personal name | Mishkin, Frederic S. |
| 245 14 - TITLE STATEMENT | |
| Title | The economics of money, banking, and financial markets / |
| Statement of responsibility, etc | Frederic S. Mishkin. |
| 250 ## - EDITION STATEMENT | |
| Edition statement | 4th ed. |
| 260 ## - PUBLICATION, DISTRIBUTION, ETC. (IMPRINT) | |
| Place of publication, distribution, etc | New York : |
| Name of publisher, distributor, etc | HarperCollins College Publishers, |
| Date of publication, distribution, etc | c1995. |
| 300 ## - PHYSICAL DESCRIPTION | |
| Extent | [various pagings] : |
| Other physical details | col. ill., col. maps ; |
| Dimensions | 24 cm. |
| 490 #0 - Series Statement | |
| Series statement | The HarperCollins series in economics |
| 500 ## - GENERAL NOTE | |
| General note | Index. |
| 500 ## - GENERAL NOTE | |
| General note | Appendix. |
| 504 ## - BIBLIOGRAPHY, ETC. NOTE | |
| Bibliography, etc | Includes bibliographical references |
| 590 ## - LOCAL NOTE (RLIN) | |
| Local note | mENNA ELEMAM |
| 650 #0 - SUBJECT ADDED ENTRY--TOPICAL TERM | |
| Topical term or geographic name as entry element | Finance. |
| Source of heading or term | BUEsh |
| 650 #0 - SUBJECT ADDED ENTRY--TOPICAL TERM | |
| Topical term or geographic name as entry element | Money. |
| Source of heading or term | BUEsh |
| 650 #0 - SUBJECT ADDED ENTRY--TOPICAL TERM | |
| Topical term or geographic name as entry element | Banks and banking. |
| Source of heading or term | BUEsh |
| 651 ## - SUBJECT ADDED ENTRY--GEOGRAPHIC NAME | |
| Source of heading or term | BUEsh |
| 653 ## - INDEX TERM--UNCONTROLLED | |
| Resource For college | BAEPS, Economics |
| Arrived date list | August2015 |
| 942 ## - ADDED ENTRY ELEMENTS (KOHA) | |
| Item type | Book - Borrowing |
| Call number prefix | 332 MIIS |
| Source of classification or shelving scheme | Dewey Decimal Classification |
| Withdrawn status | Item status | Damaged status | Not for loan | Home library | Current library | Shelving location | Date acquired | Source of acquisition | Total Checkouts | Full call number | Barcode | Date last seen | Date last borrowed | Koha item type | Source of classification or shelving scheme | Total Renewals |
|---|---|---|---|---|---|---|---|---|---|---|---|---|---|---|---|---|
| Central Library | Central Library | First floor | 07/08/2008 | Purchase | 2 | 332 MIS | 000005119 | 15/07/2025 | 28/09/2014 | Book - Borrowing | ||||||
| Central Library | Central Library | First floor | 06/12/2007 | Purchase | 1 | 332 MIS | 000005294 | 15/07/2025 | 07/12/2009 | Book - Borrowing | ||||||
| Central Library | Central Library | First floor | 07/02/2012 | Purchase | 1 | 332 MIS | 000002192 | 15/07/2025 | 02/03/2011 | Book - Borrowing | Dewey Decimal Classification | |||||
| Central Library | Central Library | First floor | 06/12/2007 | Purchase | 2 | 332 MIS | 000008012 | 15/07/2025 | 17/02/2015 | Book - Borrowing | Dewey Decimal Classification | 2 |